ions polyatomique - Statistiques

Statistiques générales
  • Ce quiz a été pris 64 fois
  • Le résultat moyen est 3 sur 7
Statistiques - réponses
Hint Réponse % Correct
Carbonate CO3 2-
73%
Ammonium NH4 1+
61%
Sulfate SO4 2-
61%
Nitrate NO3 2-
52%
Hydroxyde OH 1-
48%
Phosphate PO4 3-
42%
Acétate CH3OOH 1-
0%
Aucun quiz correspondant
Distribution des résultats
% des personnes avec chaque résultat
Percentile par nombre de réponses
Votre historique - résultats
Vous n’avez pas pris ce quiz